Datum a čas kvízu
27.5
Celkem bodů
Celkový počet nahraných bodů na tomto kvízu bez doplňovacích otázek.
7.
Pořadí na kvízu
Konečné umístění týmu na tomto kvízu.
Zaznamenané odpovědi
| # | Otázka | Odpověď | Body | Výsledky |
|---|---|---|---|---|
| 1. | Který netradiční protest předv... | chodili k pultu pozadu | 1 | |
| 2. | Státníci kterých dvou zemí si... | Japonsko (premiérka), Jižní Korea (prezident) | 0 | |
| 3. | Minulý týden bylo oznámeno jmé... | o Hanse Zimmera | 1 | |
| 4. | Firma Mattel uvedla na trh nov... | C | 1 | |
| 5. | Stáj formule 1 Red Bull minulý... | Martin Šonka | 0 | |
| 6. | Vaším úkolem v tématu bude odh... | červená, žlutá | 1 | |
| 7. | Teď se podíváme na domácí fotb... | tři | 1 | |
| 8. | Pojďme na hokej. Lev v logu BK... | zelená | 1 | |
| 9. | Na základě zobrazených barev l... | Los Angeles Lakers | 1 | |
| 10. | Které americké město oslavuje... | Pittsburgh | 0 |